000 00644nam a2200241Ia 4500
003 OSt
005 20220918222716.0
006 a|||||r|||| 00| 0
007 ta
008 220917b |||||||| |||| 00| 0 eng d
024 _a217,935
037 _cTextual
040 _aARTS
_cARTS
_beng
041 _2eng
_aeng
082 _aV2:2.N9, P3
100 _aBhattacharya Suchintya
_9143879
245 0 _aConstitutional crisis and problems in India
260 _aDelhi
_bKalpaz pub.
_c2003
300 _a174p
_ccm.
650 _aHISTORY
942 _hV2:2.N9, P3
_cTEXL
_2CC
999 _c276270
_d276270